Observaciones sobre la ecología del páramo Andino de Monserrate (Registro nro. 14928)

Detalles MARC
000 -CABECERA
Campo de control 003470000a22001210004500
090 ## - CLASIFICACIÓN LOCAL
Colección AS
Consecutivo Seriadas
041 0# - IDIOMA
Código de idioma para texto/pista de sonido o título separado
100 1# - ASIENTO PRINCIPAL--NOMBRE PERSONAL
Nombre personal Sturm, Helmut
245 10 - MENCION DE TITULO
Título Observaciones sobre la ecología del páramo Andino de Monserrate
700 1# - ASIENTO SECUNDARIO - NOMBRE PERSONAL
Nombre personal Abouchaar, Alberto
773 1# - Item fuente:
Título Caldasia
Especificación de materiales 45
Descripción física 62
Paginas del Articulo 223-256
Lugar, editorial y fecha de publicación 1981
Información sobre la relación 13
942 ## - ELEMENTOS ADICIONALES (KOHA)
Tipo de ítem Artículo

No hay ítems disponibles.